The Night Begins To Shine Lyrics - Statistics

General Stats
  • This quiz has been taken 8 times
  • The average score is 194 of 206
Answer Stats
Answer % Correct
ss a
100%
s at
100%
s begins
100%
s eyes
100%
s I
100%
s In
100%
s | ss in
100%
s look
100%
s night
100%
s | ss Night
100%
s see
100%
s | ss shine
100%
s story
100%
s the
100%
s The
100%
s to
100%
s When
100%
s when
100%
s | ss you
100%
s | ss your
100%
s caught
80%
s conversation
80%
s dance
80%
s | ss dancing
80%
s driving
80%
s feel
80%
s get
80%
s Had
80%
s hard
80%
s home
80%
s made
80%
s mind
80%
s My
80%
s my
80%
s name
80%
s playing
80%
s rain
80%
s saw
80%
s took
80%
s touch
80%
s up
80%
s wanna
80%
s | ss were
80%
s can
60%
ss corner
60%
s dawn
60%
s from
60%
s heart
60%
s racing
60%
s Talk
60%
s til
60%
s understand
60%
s was
60%
s But
40%
No matching quizzes found
Score Distribution
Percent of People with Each Score
Percentile by Number Answered
Your Score History
You have not taken this quiz